000 00830nam a2200253Ia 4500
003 OSt
005 20220916110914.0
006 a|||||r|||| 00| 0
007 ta
008 220915b |||||||| |||| 00| 0 hin d
024 _a217216
037 _cTextbook
040 _bhin
_aARTS
_cARTS
041 _ahin
082 _aO152,6M94w,1, M2
100 _aबख्शी, पदुमलाल पुन्नालाल
245 0 _aमेरी डायरी
246 _aMerī ḍāyarī
260 _aहापुड़
_bसंभावना प्रका0
_c1982
300 _a180पृ0
_ccm.
650 _aहिन्दी साहित्य
942 _hO152,6M94w,1, M2
_cTB
_2CC
999 _c100961
_d100961